00525 a2200169 4500010001400000020002300014035001300037037001800050082001300068100002300081245006300104260004900167270008400216300002900300500002000329710000600349 aENG-85139 a8131301915c595.00 aEN-68672 bD.B.Act / Pub14a363.70631 aShrivastava, A. K.1 aEnvironment monitoring and evaluationcby A. K.Shrivastava aNew DelhibAPH Publishing Corporatioonc2007 a5, Ansari Road, Darya GanjbNew Delhie110 002maphbooks@vsnl.netk011 23274050 axii, 238 p.b22cm. (Hb) aIncludes index a.